Chemistry

The third edition of Chemistry continues the substantial commitment of Wiley to chemistry education in Australia and New Zealand, as well as for international markets. Chemistry 3e provides the appropriate mix of organic, inorganic and physical chemistry for the 2-semester introductory chemistry cou...

Full description

Bibliographic Details
Main Authors: Blackman, Allan (Author), Bottle, Steven (Author), Schmid, Siegbert (Author), Wille, Uta (Author)
Format: Book
Language:English
Published: Milton, Australia : John Wiley and Sons , c2016
Edition:3rd ed
Subjects:

MARC

LEADER 00000cam a2200000 7i4500
001 0000089821
005 20201229093000.0
008 160613s2016 at eng
020 |a 0730311058 
020 |a 9780730311058 
050 0 0 |a QD33   |b .C44 2016 
090 0 0 |a QD33   |b .C44 2016 
245 0 0 |a Chemistry   |c Allan Blackman, Steven Bottle, Siegbert Schmid, Mauro Mocerino, Uta Wille 
250 |a 3rd ed 
260 |a Milton, Australia :   |b John Wiley and Sons ,   |c c2016 
300 |a xx, 1090 p. :   |b ill. (some col.) ;   |c 30 cm. 
500 |a Includes index 
520 |a The third edition of Chemistry continues the substantial commitment of Wiley to chemistry education in Australia and New Zealand, as well as for international markets. Chemistry 3e provides the appropriate mix of organic, inorganic and physical chemistry for the 2-semester introductory chemistry course.In this edition all chapters have been revised, with selected chapter openers and examples being updated to reflect the latest developments in the field of chemistry. New worked examples, practice exercises and end of chapter questions have been added throughout, and many of the existing questions have been reworked with new values 
650 0 |a Chemistry   |v Textbooks 
650 0 |a Chemistry   |x Study and teaching 
700 1 |a Blackman, Allan ,   |e author 
700 1 |a Bottle, Steven ,   |e author 
700 1 |a Schmid, Siegbert ,   |e author 
700 1 |a Wille, Uta ,   |e author 
999 |a 1000166538   |b Book   |c Open Shelf (1 Day)   |e Tembila Campus